[Event "Sinquefield Cup 6th"]
[Site "Saint Louis"]
[Date "2018.08.19"]
[Round "2"]
[White "Carlsen, Magnus"]
[Black "Karjakin, Sergey"]
[Result "1-0"]
[WhiteElo "2842"]
[BlackElo "2773"]
[Annotator "Marin,Mihail"]
[PlyCount "175"]
[EventDate "2018.08.18"]
[EventType "tourn"]
[EventRounds "9"]
[EventCountry "USA"]
[EventCategory "22"]
[SourceTitle "CBM 186"]
[Source "ChessBase"]
[SourceDate "2018.09.14"]
[SourceVersion "1"]
[SourceVersionDate "2018.09.14"]
[SourceQuality "1"]

1. c4 e6 2. Nc3 ({It is useful to compare the game variation with the classical way of reaching almost the same position:} 2. g3 d5 3. Bg2 Nf6 4. Nf3 Be7 5. d4 O-O 6. Nc3 dxc4 7. Ne5 Nc6 8. Bxc6 bxc6 9. Nxc6 Qe8 10. Nxe7+ Qxe7 11. Qa4 c5 12. dxc5 Qxc5 13. Be3 Qc7 14. Rd1 Nd5 15. Bd4 Rd8 {Since nobody so far has played xd5 here, Carlsen's 17th move can be considered the real true novelty.}) 2... Bb4 3. g3 Nf6 4. Bg2 O-O 5. Nf3 d5 6. a3 (6. d4 {would lead to a fianchetto Nimzo-Indian tabiya, which White usually sidesteps by playing 4.f3 and only after 4...c5 5.g3.}) 6... Be7 ({The alternative is} 6... Bxc3 {At a high level,} 7. dxc3 {is the main move, clearing the path for the bishop.} ({Instinctively, I would think of strengthening my centre with} 7. bxc3) {Here are two examples:} 7... Nbd7 (7... c5 {exposes the c5-pawn a bit too soon.} 8. O-O Nc6 9. Bg5 dxc4 10. Qa4 h6 11. Bxf6 Qxf6 12. Qxc4 Qe7 13. Ne1 Ne5 14. Qf4 Ng6 15. Qe3 c4 $6 16. Nf3 $14 {Ivanchuk,V (2752)-Bologan,V (2700) Saint Vincent 2005 (1-0, 71)}) 8. cxd5 exd5 9. O-O Nc5 10. Be3 Nce4 11. Rc1 {Objectively Black should be doing fine, but the bishop pair is a latent danger for Black.} Be6 12. Nd4 Bd7 13. Bf4 c5 14. Nf3 Re8 15. c4 d4 16. e3 Bg4 $6 (16... dxe3 17. Bxe3 {would offer White a purely symbolic advantage.}) 17. exd4 Bxf3 18. Bxf3 cxd4 19. Qd3 $14 {(Wojtaszek,R (2614)-Bartel,M (2613) Lublin 2008 1-0, 50)}) 7. d4 {We have reached a known Catalan tabiya with the extra tempo for White a2-a3.} dxc4 8. Ne5 Nc6 9. Bxc6 bxc6 10. Nxc6 Qe8 11. Nxe7+ Qxe7 12. Qa4 c5 13. dxc5 $146 ({It is interesting that Karjakin had had this position twice. The games continued with} 13. Qxc4 cxd4 14. Qxd4 e5 15. Qb4 (15. Qh4 Qe6 16. O-O Bb7 17. Bg5 Nd5 18. Nxd5 Qxd5 19. f3 Qb5 $6 (19... h6 20. Be3 Qb5 21. Qb4 Qxe2 $11) 20. Qb4 $1 {This is one of the moments when the extra tempo a2-a3 proves useful.} Qa6 21. Rac1 (21. e4 $5) 21... e4 $44 {(Moiseenko,A-Karjakin,S Eurasian blitz 2016 ½-½, 51)}) 15... Qe6 16. Bg5 a5 17. Qh4 Nd5 $44 {Aronian,L (2737)-Karjakin,S (2727) Sochi 2008 (½-½, 34)}) ({RR} 13. Qxc4 cxd4 14. Qxd4 e5 15. Qh4 Bb7 16. O-O Qe6 17. e4 h6 18. Be3 Rac8 19. f3 a5 20. Rad1 Rfd8 21. g4 Ba6 22. Rfe1 Bc4 23. Qf2 Bb3 24. Rd2 Nh7 25. Rxd8+ Rxd8 26. Re2 Nf8 27. Rd2 Rc8 {Le,Q (2709)-Firouzja,A (2759) chess24.com INT 2021 1-0 (56)}) ({RR} 13. Qxc4 cxd4 14. Qxd4 e5 15. Qh4 Qe6 16. O-O Bb7 17. Bg5 Nd5 18. Nxd5 Qxd5 19. f3 Qb5 20. Qb4 Qa6 21. Rac1 e4 22. Be7 Rfe8 23. Bc5 Rab8 24. Qd2 Rbd8 25. Qc2 exf3 26. exf3 Re2 27. Qc3 h6 {Moiseenko,A (2648)-Karjakin,S (2774) Almaty 2016 ½-½ (51)}) 13... Qxc5 14. Be3 Qc7 {Despite the presence of opposite-coloured bishops, White's position remains more pleasant because of the perfect blockade on c3. In many endings this would yield him a small but lasting advantage. This applies to both positions, with or without a2-a3.} 15. Rd1 Nd5 $146 ({RR} 15... e5 16. f3 Bb7 17. O-O e4 18. fxe4 Nxe4 19. Qd7 Qc6 20. Qxc6 Bxc6 21. Nxe4 Bxe4 22. Rd4 Rfe8 23. Rxc4 Bd5 24. Rc3 a5 25. b3 Rac8 26. Rxc8 Rxc8 27. b4 axb4 28. axb4 Rc3 29. Rd1 Rxe3 30. Rxd5 {Theodorou,N (2625)-Navara,D (2662) Biel SUI 2025 1-0 (76)}) 16. Bd4 Rd8 17. Nxd5 $146 {I know that indicating two novelties in the same game rarely makes sense, but as explained above this is one of them. Actually the move is logical because it forces Black to obstruct the long diagonal and it extends White's area of blockade by one square (d4).} exd5 18. Qc2 Qe7 (18... Bh3 {is not dangerous as after} 19. f3 Rd7 20. Kf2 {followed by he1 White completes his development harmoniously.}) 19. O-O Bh3 20. Rfe1 Rd7 21. Bc3 {[%cal Gd1d4,Gc2d2] Starting a coherent regrouping.} Re8 22. Rd4 Qg5 {The plan of exchanging queens mainly plays into White's hands, as his king has better prospects for centralising.} (22... h5 $5 23. Qd2 f6 {might have been better as} 24. Rxd5 $2 {loses to} Qe4 $19) 23. Qd2 Qxd2 24. Rxd2 $14 {With his king in absolute safety after the queen exchange White can play at his leisure. True, his winning chances are not very clear yet.} Be6 25. Red1 Rde7 26. f3 h5 27. Kf2 f6 28. Rd4 Kh7 29. R1d2 Bf7 30. h3 ({WHite could have obtained an active ending with} 30. e4 dxe4 31. Rxe4 Rxe4 32. fxe4 Re7 33. Ke3 {for instance} Bg6 34. Rd4 Bf7 35. Bb4 Rb7 36. Rd6 $14 {, but Carlsen was probably looking for a good moment to eliminate the d5-pawn by other means.}) 30... a6 31. Rf4 Kg8 32. Bd4 Kh7 33. Bc3 {Typical waiting moves when one is not entirely sure about how to proceed, or when one wants to confuse one's opponent.} Kg8 34. g4 hxg4 35. hxg4 Kh7 36. Rf5 Rb7 ({I cannot imagine that Karjakin did not understand Carlsen's intentions. But he probably refrained from over defending the pawn with} 36... Rd7 {due to} 37. e4 {In fact, this would not be too dangerous for Black:} Red8 38. e5 fxe5 (38... Bg6 39. e6 $1 Bxf5 40. gxf5 {offers White ample compensation for the exchange.}) 39. Bxe5 d4 40. Rxd4 Rxd4 41. Bxd4 Rxd4 42. Rxf7 Rd2+ 43. Kg3 Rxb2 $11) 37. Rfxd5 $1 {Now White knows what he will be playing for. The c4-pawn is weak, the c3-bishop as strong as earlier and he will have the plan of advancing his kingside majority. Objectively, the position may still be equal, but from a practical point of view it remains very unpleasant for Black.} Bxd5 38. Rxd5 Kg6 {A strange decision. Black gives up the c4-pawn without a fight.} ({True, after} 38... Rc8 39. Rd6 Ra7 40. e4 Rcc7 41. Rd4 Rc6 42. f4 {White has some kingside initiative. But giving up the pawn will not avoid that, either!}) 39. Rc5 Rh8 40. Kg3 $1 (40. Rxc4 $2 Rh2+ 41. Ke1 Re7 42. e4 Rd7 $15 {[%csl Ge1]}) 40... Rb6 41. Rxc4 Rh1 42. Rc7 Rc1 43. Rd7 Rc6 {Karjakin must have looked for a moment to return the exchange, and reach a draw in a symbolically worse rook ending, but somehow this will not work.} 44. a4 Rg1+ (44... R1xc3 45. bxc3 Rc4 46. Rd4 $1 Rxc3 47. Rd6 $18) 45. Kf2 Ra1 46. a5 Ra4 (46... Rxc3 47. bxc3 Rxa5 48. Ke3 {remains dangerous for Black, as exchanging the a- and c-pawns is by no means trivial.}) 47. Kg3 Rac4 48. Ra7 $1 ({If} 48. e4 Rc7 $1 ({But not} 48... Rxc3 $2 49. bxc3 {[%cal Gd7a7]} Rc5 50. Rd5 $1) 49. Rd6 R7c6 {and the rook will have to retreat. In the event of an exchange White would lose any chance to put Black under pressure.}) 48... Re6 49. e4 Rc8 50. Rd7 Rec6 (50... Rce8 51. Kf4 R8e7 52. Rd5 Rc6 53. g5 $14) 51. f4 R8c7 ({Once again returning the exchange looks risky:} 51... Rxc3+ 52. bxc3 Rxc3+ 53. Kh4 Ra3 54. f5+ Kh6 55. g5+ (55. Rd5 g5+ $5) (55. e5 g5+ 56. fxg6 fxe5) 55... fxg5+ 56. Kg4 Rxa5 57. Rd6+ Kh7 58. Kxg5 {One would not go willingly to such an ending. The a6-pawn is more of a problem for Black, who cannot check from a distance when the king will intrude through the centre.} Ra1 59. e5 Rg1+ 60. Kf4 Rf1+ (60... Kg8 61. Ke4 a5 62. Kd5 {is not all roses either.}) 61. Ke4 Re1+ 62. Kd5 Rf1 63. Ke6 Rb1 (63... a5 64. Kd7) 64. Kd7 Rb7+ 65. Kc6 Re7 66. e6 $18) 52. f5+ Kh7 {The safest square for the king.} (52... Kg5 $2 53. Bd2#) (52... Kh6 53. Rd1 Kh7 (53... Rxc3+ 54. bxc3 Rxc3+ 55. Kf4 $18 {[%cal Gd1h1,Gd1d6] The vulnerability of the black king is decisive.}) 54. Kf4 $14 {[%cal Gg4g5]}) 53. Rd8 Rc8 54. Rd3 ({Apparently Carlsen was not entirely sure about the aforementioned ending resulting after} 54. Rd1 Rxc3+ 55. bxc3 Rxc3+ 56. Kf4 Ra3 57. g5 fxg5+ 58. Kxg5 Rxa5 59. Rd6) 54... Re8 55. Rd4 Rc7 56. Kf4 {White has made considerable progress, but nothing is clear yet.} Rce7 57. Rc4 Kh6 58. Kf3 Rd7 59. Bd4 Kh7 60. b4 Rd6 61. Ke3 Kh6 62. Rc1 Kh7 63. Bb6 Rd7 64. Bc5 {White has gained space on the queenside, too.} Red8 ({Black could have taken advantage of the bishop's departure from the long diagonal with} 64... g6 $5 {somewhat freeing his position.}) 65. Rh1+ ({The long awaited break} 65. g5 {does not bring in anything concrete:} fxg5 66. e5 Rd1 67. Rxd1 Rxd1 68. e6 Re1+ 69. Kf3 {[%cal Ge6e7,Gc5e3]} Kg8 70. Kg4 Re2 71. Kxg5 Rg2+ 72. Kf4 Re2 $11) 65... Kg8 66. Kf4 Re8 67. Re1 g5+ {Better late than never.} 68. fxg6 Kg7 69. g5 Kxg6 70. gxf6 Kxf6 71. Rh1 {[%cal Gh1h6]} Rf7 $1 {The best defence, keeping the king centralised.} (71... Kg6 72. e5 $14) 72. Ke3 (72. Rh6+ $2 Kg7+) 72... Ke6 73. Rh4 Rf6 74. Rh7 Rf7 75. Rh5 Kd7 76. e5 Rf1 77. Ke4 Kc6 $2 {A terrible blunder after a difficult defence.} (77... Re1+ 78. Kd5 Rd1+ 79. Bd4 Rd8 $11) (77... Re6 78. Kd5 Rd1+ $11) 78. Rh6+ Kb5 (78... Kb7 79. Rb6+ Kc7 (79... Ka7 80. Re6+) 80. Rxa6 Re1+ 81. Kd3 R1xe5 82. Bd6+ Kb7 83. Rb6+ Ka7 84. Bxe5 $18) (78... Kd7 79. Rd6+ Kc7 (79... Kc8 80. e6 $18) 80. Rxa6 Re1+ 81. Kd3 R1xe5 82. Bd6+ Kb7 83. Rb6+ Ka7 84. Bxe5 $18) 79. Rb6+ Kc4 80. e6 $18 {The e-pawn is strong and safe now and the pawn on a6 is doomed. To make things worse, the black king is out of play.} Re1+ 81. Kf5 Rf1+ 82. Ke5 Re1+ 83. Kf6 Rf1+ 84. Kg7 Ra8 (84... Re1 85. Kf7) 85. e7 Re1 86. Kf7 Re4 (86... Rf1+ 87. Rf6 Re1 88. Re6 Rf1+ 89. Kg7 Re8 90. Rxa6) 87. Rd6 Rh8 88. Rxa6 (88. Rd8 $18) 1-0

[Event "Division I"]
[Site "Chess.com"]
[Date "2024.05.12"]
[Round "3.4"]
[White "Keymer, Vincent"]
[Black "Carlsen, Magnus"]
[Result "0-1"]
[WhiteElo "2820"]
[BlackElo "2889"]
[Annotator "Stockfish 16.1"]
[PlyCount "100"]
[EventDate "2024.??.??"]
[WhiteTeam "GER"]
[BlackTeam "NOR"]
[BlackClock "0:00:23"]

{[%evp 9,100,21,26,19,21,22,17,19,41,33,42,42,34,43,45,32,32,32,34,41,40,23,75,-62,74,68,73,77,80,69,85,83,145,0,3,-39,-1,-78,-78,-102,-83,-100,-80,-85,-86,-84,-71,-71,-83,-116,-68,-68,-69,-67,-72,-66,-66,-67,-72,-76,-66,-92,-44,-39,-28,-26,-22,-18,-18,-24,-22,-25,-19,-31,-32,-28,-16,-55,-56,-65,-70,-87,-96,-895,-895,-29974,-29976,-29969,-29973,-29953,-29954,-29983,-29984]} 1. Nf3 d5 2. e3 Nf6 3. c4 e6 4. Nc3 dxc4 5. Bxc4 a6 6. e4 ({RR} 6. Be2 c5 7. O-O Nc6 8. d4 cxd4 9. exd4 Be7 10. Be3 b5 11. Ne5 Bd7 12. Bf3 Rc8 13. a4 b4 14. Ne2 O-O 15. Qd3 a5 16. Rfc1 Nb8 17. b3 Rxc1+ 18. Rxc1 Bc8 19. Nf4 Bd6 20. Nc4 Ba6 {Aronian,L (2765)-So,W (2765) Kolkata 2018 1-0 (42)}) 6... c5 ({RR} 6... b5 7. Bb3 Bb7 8. e5 Nd5 9. d4 Nxc3 10. bxc3 Nd7 11. h4 Nb6 12. h5 h6 13. a4 Qd7 14. axb5 axb5 15. Rxa8+ Bxa8 16. Rh3 Qc6 17. Bd2 Nc4 18. Kf1 Qa6 19. Kg1 Be4 20. Rg3 Qc6 21. Bc1 {Badelka,O (2377)-Velikic,A (2261) Rhodes GRE 2025 1-0 (43)}) ({RR} 6... b5 7. Bb3 Bb7 8. e5 Nd5 9. d4 c5 10. Bxd5 Bxd5 11. Bg5 Qd7 12. Nxd5 Qxd5 13. dxc5 Bxc5 14. Qxd5 exd5 15. Rd1 Nc6 16. Rxd5 Be7 17. Bxe7 Kxe7 18. Ke2 Rac8 19. Rhd1 Rhd8 20. Rxd8 Nxd8 21. Nd4 {Keymer,V (2730)-Santos Latasa,J (2624) chess.com INT 2024 1-0 (45)}) 7. d4 cxd4 $146 ({RR} 7... b5 8. Bb3 cxd4 9. Nxd4 Nbd7 10. Be3 Bb4 11. O-O Bb7 12. a4 O-O 13. axb5 axb5 14. Ndxb5 Rxa1 15. Qxa1 Nxe4 16. Rd1 Qe7 17. Bc2 Nxc3 18. bxc3 Bc5 19. Qc1 Nf6 20. Qd2 Bxg2 21. Kxg2 Bxe3 22. Qxe3 {Keymer,V (2602)-Sarana,A (2643) Reykjavik 2021 0-1 (38)}) 8. Nxd4 {The position is equal.} Bd6 9. Be3 O-O 10. Rc1 b5 11. Bb3 Bb7 12. Bxe6 fxe6 13. Nxe6 {[%mdl 64] [#] Double Attack} Qe7 14. Nxf8 Kxf8 15. f3 Nbd7 16. Ne2 (16. O-O $16) 16... Ne5 (16... Bb4+ $1 $15 {keeps the upper hand.} 17. Nc3 Ne5) 17. O-O $16 Rd8 18. Qc2 Rc8 19. Qb1 Nc4 20. Bd4 Bc5 21. Rfd1 {[#]} (21. Bxc5 $16 Qxc5+ 22. Kh1) 21... Nxe4 $1 $11 {[%mdl 512]} 22. b3 (22. fxe4 Bxe4) 22... Ne3 $1 {[%cal Re3d1]} 23. fxe4 Nxd1 24. Rxd1 Bxe4 25. Qb2 Bb4 26. Rc1 Re8 27. Ng3 Kg8 {Hoping for ...Ba3.} 28. Qf2 ({Don't go for} 28. Nxe4 $2 Ba3 $19) 28... Bg6 29. h3 Bd6 30. Nf5 Qg5 31. Rf1 Rf8 {[%cal Rf8f5]} 32. Qe3 Qxe3+ 33. Nxe3 Rxf1+ 34. Kxf1 $15 {[%mdl 4096] Endgame KBB-KBN} Bb1 35. a4 Ba2 36. axb5 axb5 37. Bxg7 $1 Bc5 38. Nf5 Bxb3 {White must now prevent ...Bc4+.} 39. Bd4 Bf8 40. Kf2 Kf7 41. g4 Ke6 42. Ke3 Bc2 43. Ng7+ Kd5 44. Bb2 b4 {[%cal Bb5b4,Bb4b3,Bb3b2][%mdl 32]} 45. Nh5 Kc4 46. Bg7 $2 {[%mdl 8192]} (46. h4 $17) 46... Bxg7 $19 47. Nxg7 Kc3 {Black mates.} 48. Ne6 b3 49. Nc7 b2 50. Nb5+ Kb4 {Accuracy: White = 69%, Black = 80%.} 0-1

[Event "Gausdal Byggern Masters"]
[Site "Gausdal"]
[Date "2005.10.05"]
[Round "5"]
[White "Dobrov, Vladimir"]
[Black "Carlsen, Magnus"]
[Result "0-1"]
[WhiteElo "2515"]
[BlackElo "2570"]
[PlyCount "82"]
[EventDate "2005.10.01"]
[EventType "swiss"]
[EventRounds "9"]
[EventCountry "NOR"]
[SourceTitle "CBM 108 Extra"]
[Source "ChessBase"]
[SourceDate "2005.11.04"]
[SourceVersion "1"]
[SourceVersionDate "2005.11.04"]
[SourceQuality "1"]

1. Nf3 Nf6 2. c4 e6 3. Nc3 Bb4 4. g4 d6 5. g5 Bxc3 ({RR} 5... Nfd7 6. Qc2 Nc6 7. a3 Bxc3 8. Qxc3 e5 9. h4 Nc5 10. b4 Ne6 11. e3 e4 12. b5 exf3 13. bxc6 bxc6 14. Bh3 O-O 15. Bb2 f5 16. gxf6 Qxf6 17. Qc2 Qg6 18. O-O-O Qxc2+ 19. Kxc2 Nc5 20. Rdg1 {Froewis,G (2414)-Rozentalis,E (2486) Germany GER 2025 1-0 (64)}) 6. bxc3 Nfd7 7. d4 ({RR} 7. Bg2 Nc6 8. d3 e5 9. h4 Nb6 10. Be3 Qe7 11. Nd2 Bd7 12. a4 Na5 13. Nb3 Bc6 14. Nxa5 Bxg2 15. Rg1 Bh3 16. c5 Nd5 17. Nxb7 Nxe3 18. fxe3 dxc5 19. Qb3 O-O 20. Qa3 Rab8 21. Nxc5 f5 {Nakamura,H (2710)-Sokolov,A (2570) Mainz 2009 1-0 (43)}) 7... b6 8. a4 $146 ({RR} 8. e4 Bb7 9. Bd3 Nc6 10. Be3 Qe7 11. Nd2 e5 12. Rb1 O-O 13. Qh5 f6 14. g6 hxg6 15. Qxg6 Qf7 16. Qg3 f5 17. exf5 Nb4 18. cxb4 Bxh1 19. f3 a5 20. b5 exd4 21. Bxd4 Nc5 22. Bc2 d5 {Gurevich,M (2672)-Istratescu,A (2587) Antalya 2004 0-1 (43)}) ({RR} 8. h4 Nc6 9. e4 Na5 10. Be3 Qe7 11. Nd2 e5 12. h5 Bb7 13. Qg4 O-O-O 14. d5 Ba8 15. c5 dxc5 16. Qe2 Kb8 17. Nb3 Nb7 18. a4 Nd6 19. f3 a5 20. Rb1 Bb7 21. Nxa5 bxa5 22. Qa6 Nb6 {Mellado Trivino,J (2436)-Tallo Dominguez,I (2087) Sabadell 2009 ½-½ (42)}) 8... Nc6 9. e4 Qe7 10. Be3 f5 11. gxf6 Nxf6 12. a5 O-O 13. axb6 cxb6 14. Rg1 e5 15. Nd2 Kh8 16. Bd3 Bd7 17. Qe2 Be8 18. f4 Bh5 19. Qf2 Ng4 20. Rxg4 Bxg4 21. Qg3 Bh5 22. fxe5 dxe5 23. d5 Na5 24. c5 Nb7 25. c6 Nc5 26. Be2 Bg6 27. Bg5 Qf7 28. d6 Bxe4 29. c7 Qd5 30. Be7 Bd3 31. Bf3 e4 32. Bxf8 Rxf8 33. Qg4 exf3 34. Kf2 Bf5 35. Qd4 Nd3+ 36. Kg3 Qe6 37. Kxf3 Be4+ 38. Ke3 Bg6+ 39. Ne4 Nc5 40. c8=Q Rxc8 41. Rxa7 Qxe4+ 0-1

[Event "Gausdal Byggern Masters"]
[Site "Gausdal"]
[Date "2005.10.09"]
[Round "9"]
[White "Akesson, Ralf"]
[Black "Carlsen, Magnus"]
[Result "1/2-1/2"]
[WhiteElo "2486"]
[BlackElo "2570"]
[PlyCount "90"]
[EventDate "2005.10.01"]
[EventType "swiss"]
[EventRounds "9"]
[EventCountry "NOR"]
[SourceTitle "CBM 108 Extra"]
[Source "ChessBase"]
[SourceDate "2005.11.04"]
[SourceVersion "1"]
[SourceVersionDate "2005.11.04"]
[SourceQuality "1"]

1. Nf3 Nf6 2. c4 e6 3. Nc3 Bb4 4. Qc2 O-O 5. a3 Bxc3 6. Qxc3 b6 7. g3 Bb7 8. Bg2 c5 9. O-O d5 10. cxd5 ({RR} 10. b4 Nbd7 11. d3 Rc8 12. b5 d4 13. Qb2 e5 14. e4 dxe3 15. Bxe3 Re8 16. Rfe1 Qc7 17. a4 Nf8 18. a5 Bxf3 19. Bxf3 Ne6 20. Ra3 Rcd8 21. Bc6 Re7 22. Rea1 Nd4 23. Bxd4 exd4 24. axb6 axb6 {Dubov,D (2720)-Socko,B (2642) Warsaw 2021 1-0 (45)}) 10... Nxd5 11. Qc2 Nc6 12. b3 e5 $146 ({RR} 12... Qe7 13. Bb2 Rac8 14. e3 Rfd8 15. Rfe1 h6 16. Rad1 Nf6 17. Qb1 b5 18. Rc1 Na5 19. Bc3 b4 20. axb4 cxb4 21. Bxf6 Qxf6 22. Rxc8 Rxc8 23. Nd4 Bxg2 24. Kxg2 e5 25. Nf3 Qe6 26. Qe4 Nxb3 27. Qxb4 {Goganov,A (2583)-Karthikeyan,P (2416) Chennai 2020 ½-½ (31)}) ({RR} 12... Qe7 13. Bb2 Rac8 14. e3 Rfd8 15. Rfe1 h6 16. Rad1 Nf6 17. Qb1 b5 18. Rc1 Na5 19. Bc3 b4 20. axb4 cxb4 21. Bxf6 Qxf6 22. Rxc8 Rxc8 23. Nd4 Bxg2 24. Kxg2 e5 25. Nf3 Qe6 26. Qe4 Nxb3 27. Qxb4 {Goganov,A (2583)-Karthikeyan,P (2416) Chennai 2020 ½-½ (31)}) 13. Bb2 Re8 14. e3 e4 15. Nh4 Nf6 16. f3 Ba6 17. fxe4 Bd3 18. Qc3 Bxf1 19. Rxf1 Ne5 20. Rf5 Nfd7 21. Bf1 f6 22. Ba6 Nf8 23. Bb7 Rb8 24. Bd5+ Kh8 25. Qc2 Nfg6 26. Nxg6+ Nxg6 27. Rh5 Qd7 28. Qd1 Nf8 29. Qf3 Rbd8 30. Rf5 Ne6 31. Bc3 Ng5 32. Qg4 Nf7 33. Qe2 Qxf5 34. exf5 Rxd5 35. Qc4 Rd7 36. b4 cxb4 37. axb4 Nd6 38. Qc6 Rdd8 39. g4 Ne4 40. Bd4 Nxd2 41. Bxf6 gxf6 42. Qxf6+ Kg8 43. Qg5+ Kh8 44. Qf6+ Kg8 45. Qg5+ Kh8 1/2-1/2

[Event "Tromsoe Midnight Sun"]
[Site "Tromsoe"]
[Date "2006.07.02"]
[Round "9"]
[White "Carlsen, Magnus"]
[Black "Hammer, Jon Ludvig"]
[Result "1-0"]
[WhiteElo "2646"]
[BlackElo "2287"]
[PlyCount "91"]
[EventDate "2006.06.24"]
[EventType "swiss"]
[EventRounds "9"]
[EventCountry "NOR"]
[SourceTitle "CBM 112 Extra"]
[Source "ChessBase"]
[SourceDate "2006.07.14"]
[SourceVersion "1"]
[SourceVersionDate "2006.07.14"]
[SourceQuality "1"]

1. Nf3 Nf6 2. c4 e6 3. Nc3 Bb4 4. g3 b6 5. Bg2 Bb7 6. O-O O-O 7. d3 d5 8. cxd5 exd5 9. Bf4 Bd6 ({RR} 9... Nbd7 10. Nb5 c6 11. Nd6 Bxd6 12. Bxd6 Re8 13. Rc1 c5 14. b4 Rc8 15. bxc5 {½-½ (15) Nagy,G (2500)-Rozentalis,E (2531) Aarhus 2022}) 10. Bxd6 Qxd6 11. d4 c6 $146 ({RR} 11... Re8 12. Rc1 a6 13. Rc2 Nbd7 14. Qc1 Ne4 15. Rd1 Qf6 16. Qf4 Qxf4 17. gxf4 Re7 18. e3 Rae8 19. Bh3 h6 20. Rdc1 c5 21. Nxe4 dxe4 22. Bxd7 Rxd7 23. Ne5 Rc7 24. dxc5 f6 25. Ng6 Kf7 26. Nh4 {Savchenko,S (2585)-Vukanovic,S (2360) Ljubljana 1996 1-0 (41)}) ({RR} 11... Re8 12. Rc1 a6 13. Qb3 Nbd7 14. Rfd1 Rab8 15. e3 c5 16. Qa3 Qe6 17. dxc5 bxc5 18. Na4 Ne4 19. Nd2 d4 20. Nxe4 Bxe4 21. Bxe4 Qxe4 22. Nxc5 Nxc5 23. Rxc5 dxe3 24. Qxe3 Qxe3 25. fxe3 Rxb2 26. Rc7 {Kick,J (2187)-Morawietz,D (2413) Bad Wiessee 2007 0-1 (36)}) 12. Ne5 Nbd7 13. f4 Qe7 14. e3 Ne8 15. e4 dxe4 16. Bxe4 Nxe5 17. dxe5 Nc7 18. Qh5 g6 19. Qh6 f6 20. f5 Qg7 21. Qxg7+ Kxg7 22. Rad1 Nd5 23. Nxd5 cxd5 24. Bxd5 Bxd5 25. Rxd5 gxf5 26. Rxf5 fxe5 27. Rd7+ Kg6 28. Rxe5 Rf7 29. Re6+ Kg7 30. Ree7 Rxe7 31. Rxe7+ Kg6 32. b3 Rc8 33. Rxa7 Rc1+ 34. Kg2 Rc2+ 35. Kh3 Rb2 36. Ra6 Kg5 37. g4 h5 38. gxh5 Kxh5 39. Kg3 Kg5 40. h4+ Kh5 41. Kf4 b5 42. Ke4 Kxh4 43. Kd3 Rf2 44. Kc3 Rf4 45. Rb6 Rf2 46. a3 1-0

[Event "Corus"]
[Site "Wijk aan Zee"]
[Date "2009.01.24"]
[Round "7"]
[White "Van Wely, Loek"]
[Black "Carlsen, Magnus"]
[Result "1/2-1/2"]
[WhiteElo "2625"]
[BlackElo "2776"]
[PlyCount "73"]
[EventDate "2009.01.17"]
[EventType "tourn"]
[EventRounds "13"]
[EventCountry "NED"]
[EventCategory "19"]
[SourceTitle "CBM 129"]
[Source "ChessBase"]
[SourceDate "2009.03.25"]
[SourceVersion "1"]
[SourceVersionDate "2009.03.25"]
[SourceQuality "1"]

1. Nf3 Nf6 2. c4 e6 3. Nc3 Bb4 4. Qc2 c5 5. a3 Ba5 6. g3 O-O 7. Bg2 Nc6 8. O-O d6 9. d3 h6 ({RR} 9... Rb8 10. Rb1 a6 11. Bd2 b5 12. cxb5 axb5 13. b4 cxb4 14. Na2 Bd7 15. Nxb4 Nxb4 16. Bxb4 Qb6 17. Qd2 Bxb4 18. Qxb4 Rfc8 19. Nd2 Qc5 20. Nb3 Qxb4 21. axb4 Bc6 22. Rfc1 Bxg2 23. Rxc8+ Rxc8 24. Kxg2 {Svidler,P (2727)-Ivanchuk,V (2786) Almaty 2008 ½-½ (36)}) 10. Rb1 ({RR} 10. b3 e5 11. Bb2 Be6 12. e3 Qd7 13. Rad1 Bg4 14. Ne4 Qe6 15. h3 Bxf3 16. Bxf3 Nxe4 17. dxe4 Qxh3 18. Rxd6 Rad8 19. Rfd1 Bc7 20. R6d5 b6 21. Qe2 Qe6 22. Bg4 Qf6 23. Rd7 Bb8 24. Bc3 g6 {Pein,M (2272)-Logar,M (2006) Catez SLO 2024 1-0 (43)}) 10... Rb8 11. e3 e5 12. Nd5 $146 ({RR} 12. Na2 Be6 13. b4 Bc7 14. bxc5 dxc5 15. Nc3 Qd7 16. e4 Nd4 17. Nxd4 cxd4 18. Nd5 Nxd5 19. cxd5 Bg4 20. h3 Bh5 21. Bd2 Bd6 22. a4 Rfc8 23. Qb3 f6 24. Rfc1 Rxc1+ 25. Rxc1 Be8 26. Bb4 Qe7 {Georgiev,K (2607)-Stojanovic,D (2499) Kragujevac 2015 1-0 (32)}) 12... Nxd5 13. cxd5 Ne7 14. b4 cxb4 15. axb4 Bc7 16. Qa2 b5 17. e4 Bb6 18. Bb2 Bg4 19. d4 exd4 20. Nxd4 Qd7 21. Rbc1 Ng6 22. Kh1 Rbc8 23. Qb3 Ne5 24. f3 Bh3 25. Bxh3 Qxh3 26. Nf5 Nc4 27. Rfe1 Bf2 28. Red1 g6 29. Qc3 f6 30. Ne7+ Kh7 31. Nxc8 Bxg3 32. Qc2 Rxc8 33. Qg2 Qxg2+ 34. Kxg2 Bf4 35. Bd4 Bxc1 36. Rxc1 Kg7 37. Ra1 1/2-1/2